Arrival of young talent: The send-down movement and rural education in China (Record no. 517362)

000 -LEADER
fixed length control field 01180nam a22001457a 4500
008 - FIXED-LENGTH DATA ELEMENTS--GENERAL INFORMATION
fixed length control field 210710b ||||| |||| 00| 0 eng d
100 ## - MAIN ENTRY--PERSONAL NAME
Personal name Chen, Yi, Fan, Z. and Gu, X.
245 ## - TITLE STATEMENT
Title Arrival of young talent: The send-down movement and rural education in China
260 ## - PUBLICATION, DISTRIBUTION, ETC. (IMPRINT)
Place of publication, distribution, etc The American Economic Review
300 ## - PHYSICAL DESCRIPTION
Extent 110(11), Nov, 2020: p.3393-3430
520 ## - SUMMARY, ETC.
Summary, etc This paper estimates the effects on rural education of the send-down movement during the Cultural Revolution, when about 16 million urban youth were mandated to resettle in the countryside. Using a county-level dataset compiled from local gazetteers and population censuses, we show that greater exposure to the sent-down youths significantly increased rural children's educational achievement. This positive effect diminished after the urban youth left the countryside in the late 1970s but never disappeared. Rural children who interacted with the sent-down youths were also more likely to pursue more-skilled occupations, marry later, and have smaller families than those who did not. - Reproduced

773 ## - HOST ITEM ENTRY
Main entry heading The American Economic Review
906 ## - LOCAL DATA ELEMENT F, LDF (RLIN)
Subject DIP EDUCATION - RURAL - CHINA
942 ## - ADDED ENTRY ELEMENTS (KOHA)
Item type Articles
Holdings
Withdrawn status Lost status Source of classification or shelving scheme Damaged status Not for loan Permanent location Current location Date acquired Serial Enumeration / chronology Barcode Date last seen Koha item type
          Indian Institute of Public Administration Indian Institute of Public Administration 2021-07-10 110(11), Nov, 2020: p.3393-3430 AR124703 2021-07-10 Articles

Powered by Koha